Plenitud de españa; estudios de historia de la cultura /
Guardado en:
| Autor Principal: | |
|---|---|
| Formato: | Libro |
| Publicado: |
Argentina :
Losada,
1945
|
| Edición: | 2a. ed. |
| Series: | Biblioteca contempor nea, 66
|
| Materias: | |
| Etiquetas: |
Agregar Etiqueta
Sin Etiquetas, Sea el primero en etiquetar este registro!
|
| LEADER | 00662nam a22002175a 4500 | ||
|---|---|---|---|
| 001 | CEM.cems003205 | ||
| 005 | 20060221000000.0 | ||
| 008 | 130507s1945##################000#0#####d | ||
| 003 | CEMS | ||
| 082 | 0 | 4 | |a 860.4 |
| 100 | 1 | |a Henríquez Ureña, Pedro | |
| 245 | 1 | 0 | |a Plenitud de españa; estudios de historia de la cultura / |c Max Henríquez Ureña |
| 250 | |a 2a. ed. | ||
| 260 | |a Argentina : |b Losada, |c 1945 | ||
| 300 | |a 199 p. | ||
| 490 | 0 | |a Biblioteca contempor nea, 66 | |
| 653 | |a Historia de la cultura espaÑola | ||
| 653 | |a Literatura | ||
| 653 | |a Literatura espaÑola | ||
| 653 | |a EspaÑa | ||
| 859 | |a CEMS |b BIB. CEMS - 11 de abril |h 860.4 |i H435a2 |p 14838.87 |t Ej.1 | ||
